The Biggest Cities in Belarus - Statistics

General Stats
  • This quiz has been taken 19 times
  • The average score is 5 of 15
Answer Stats
Population City % Correct
1.995.471 Minsk
100%
342.461 Brest
82%
501.802 Homiel
82%
353.338 Mahilou
73%
358.717 Hrodna
64%
124.613 Pinsk
55%
105.321 Mazyr
27%
136.409 Barysau
18%
103.915 Lida
18%
359.148 Viciebsk
18%
98.590 Salihorsk
9%
208.611 Babrujsk
0%
172.150 Baranavicy
0%
96.320 Navapolask
0%
103.658 Orsa
0%
No matching quizzes found
Score Distribution
Percent of People with Each Score
Percentile by Number Answered
Your Score History
You have not taken this quiz